000 01008nam a22003131i 4500
001 bslw10113565
005 20240305165705.0
006 m o d
007 cr un ---uuuua
008 240102t20112011ne o 000 0 eng d
020 _a9292272322
035 _a42207
040 _aUtOrBLW
_beng
_erda
_cUtOrBLW
050 4 _aK115
_b.I58 2011
082 0 4 _a340.023
_223
245 0 0 _aCode of professional conduct for counsel /
_cCour Pénale Internationale = International Criminal Court.
264 1 _aThe Hague :
_bInternational Criminal Court,
_c[2011]
264 4 _c©2011
300 _a1 online resource (16 pages)
336 _atext
_btxt
_2rdacontent
337 _acomputer
_bc
_2rdamedia
338 _aonline resource
_bcr
_2rdacarrier
610 2 0 _aInternational Criminal Court
_vRules and practice.
650 0 _aLawyers.
650 0 _aLegal ethics.
710 2 _aInternational Criminal Court,
_eissuing body.
856 4 0 _uhttps://app.vlex.com/#/sources/42207
942 _cRAA
999 _c173669
_d173669